Journal of development economics
Guardado en:
| Formato: | Seriadas |
|---|---|
| Lenguaje: | inglés |
| Publicado: |
Amsterdam
North-Holland Publ. Co.
1976
|
| Etiquetas: |
Sin Etiquetas, Sea el primero en etiquetar este registro!
|
MARC
| LEADER | 00000nas2a22000001 4500 | ||
|---|---|---|---|
| 001 | 0009724 | ||
| 005 | 20250730114243.8 | ||
| 022 | |a 0304-3878 | ||
| 041 | 0 | |a eng | |
| 044 | |a NL | ||
| 245 | 1 | 0 | |a Journal of development economics |
| 264 | 1 | |a Amsterdam |b North-Holland Publ. Co. |c 1976 | |
| 773 | 0 | |w eu_un_cat*s120818 | |